| 000 | 00883cas a22002175a 4500 | ||
|---|---|---|---|
| 001 | L144713 | ||
| 008 | 080806c2008 xxkar ps ss 0 a0eng d | ||
| 035 | _a(Sirsi) u144713 | ||
| 041 | 0 | _aeng | |
| 050 | _a333.32 $2 18 | ||
| 110 | 2 |
_aInvestment Property Databank _92288 |
|
| 245 | 0 | 0 |
_aIPD Japanese property index _h[electronic resource] |
| 260 |
_aLondon _bIPD _c2008- |
||
| 520 | _aIndex measures ungeared returns on direct investments held throughout the period in Japan and provides statistics for total return; income return; capital return and others. Uses graphs and comparative tables to present data. | ||
| 554 | _aAnnual | ||
| 650 | 2 | 4 | _aIPD JAPANESE ANNUAL PROPERTY INDEX |
| 651 | 4 | _aJapan | |
| 690 | _aPROPERTY-COMMERCIAL PROPERTY-COMMERCIAL PROPERTY MARKET | ||
| 856 | 4 | 0 |
_uhttps://www.ipd.com _zView the item free of charge online at www.ipd.com... |
| 942 | _n0 | ||
| 999 |
_c119195 _d119195 |
||